Game of Thrones - Night's Watch vows / oath - Statistics

General Stats
  • This quiz has been taken 245 times
    211 since last reset
  • The average score is 6 of 16
Answer Stats
Vows / Oath % Correct
I shall take no {wife},
94%
hold no {lands},
72%
{father} no children.
70%
I shall live and die at my {post}.
64%
Night {gathers} and now my {watch} begins.
37%
for this {night} and all the {nights} to come.
34%
Hear my {words} and beat witness to my {vow}.
28%
I am the {sword} in the {darkness}.
28%
I shall not {end} until my {death}.
28%
I shall wear no {crowns} and win no {glory}.
25%
the {shield} that guards the {realms} of men.
25%
I am the {watcher} on the {walls}.
23%
I pledge my {life} and {honor} to the Night's Watch,
21%
I am the {fire} that burns against the {cold},
12%
the {horn} that wakes the {sleepers},
11%
the {light} that brings the {dawn},
11%
No matching quizzes found
Score Distribution
Percent of People with Each Score
Percentile by Number Answered
Your Score History
You have not taken this quiz since the last reset